000 00462nam a2200181Ia 4500
001 10134
005 20260306161809.0
008 260306t2021||||xx |||||||||||||| ||spa||
041 _aESP
082 _a901
_bH22
100 _aHarari, Yuval Noah,
_eAUT
245 0 _aSapiens :
_bde animales a dioses: Una breve historia de la humanidad
260 _c2021
300 _a492 páginas :
_c23 cm.
650 _aGEN
654 _aCHU
942 _cLIB
_dJUS
_fJUS
_2ddc
_n
999 _c10134
_d10134